| 000 | 00772cam a22002651 4500 | ||
|---|---|---|---|
| 999 |
_c5029 _d5029 |
||
| 001 | 5029 | ||
| 003 | BD-JhCC | ||
| 005 | 20171209120238.0 | ||
| 008 | 740813s1964 xx 000 0 eng | ||
| 035 | _a(BD-JhCC) 5029 | ||
| 035 | _a(OCoLC)976932 | ||
| 040 |
_aDLC _cOAU _dOCoLC _dGACCLC _dUk _dDLC |
||
| 041 | _aeng | ||
| 050 | 0 | 0 |
_aP51 _b.P3 1964 |
| 082 |
_a420 _bPAL 1964 |
||
| 100 | 1 | _aPalmer, Harold E., | |
| 245 | 1 | 4 |
_aThe principles of language study / _cby Harold E. Palmer. |
| 260 |
_aLondon, _bOxford University Press, _c1964. |
||
| 300 |
_avii,142 p. _c20 cm. |
||
| 440 | 0 |
_aLanguage and language learning, _v5 |
|
| 500 | _aA reissue; first published in 1921. | ||
| 650 | 0 |
_aLanguage and languages _xStudy and teaching. |
|
| 942 |
_2ddc _cBK |
||